000 00593nam a22001695i 4500
001 171650
003 ES-MaACL
005 20230906214704.0
008 090525s1976 sp |||| | spa d
100 1 _aSoldevilla y Villar, Antonio D.
_9140312
245 1 3 _aEl asociacionismo agrario /
_cAntonio D. Soldevilla y Villar ; prólogo de Juan José Sanz Jarque.
260 _aValladolid :
_b[El autor],
_c1976.
300 _aXXXII, 221 p. ;
_c21 cm.
650 1 4 _aCooperativas agrícolas-
_zEspaña.
_9140313
700 1 _aSanz Jarque, Juan José.
_9103651
852 _aES-MaACL
_jA-5664
_9R.94466
999 _c171650
_d171650